| 000 | 01194nas a2200325 4500 | ||
|---|---|---|---|
| 001 | BR2012003640 | ||
| 003 | BR-BrBNA | ||
| 005 | 20231205120607.0 | ||
| 007 | ta | ||
| 008 | 230509b bl.|||p| |||| 00| 00por d | ||
| 040 |
_aBR-BrBNA _bpor _cBiblioteca Nacional de Agricultura |
||
| 041 | _a(Pt) | ||
| 072 | _aL53 | ||
| 100 | 1 | _aRossi, R. | |
| 100 | 1 | _aSilva Filho, J.M. | |
| 100 | 1 | _aPalhares, M.S. | |
| 100 | 1 | _aRibeiro, E.A. | |
| 100 | 1 | _aResende, Y.F. | |
| 100 | 1 | _aAnjos, F.R. | |
| 245 | 1 | _aEfeito do número de inseminações artificiais sobre a fertilidade de éguas inseminadas com sêmen asinino diluído e resfriado a 5 graus Celsius por 12 horas de armazenamento | |
| 246 | 1 | _aEffect of the number of insemination/cycle on fertility of inseminated mares with jackass semen diluted and cooled at 5 C for 12 hours | |
| 650 | _aÉGUA | ||
| 650 | _aREPRODUÇÃO ANIMAL | ||
| 650 | _aSÊMEN | ||
| 650 | _aJUMENTO | ||
| 650 | _aINSEMINAÇÃO ARTIFICIAL | ||
| 773 | 0 |
_tArquivo Brasileiro de Medicina Veterinária e Zootecnia (Brazil) _xISSN 0102-0935 _g(Feb 2012), v. 64(1) p. 114-119 _wBR2012003640 |
|
| 909 |
_a202311 _bLúcia _c55 _dLúcia Elande |
||
| 942 |
_2AGRIS _n0 _cANA |
||
| 999 |
_c219307 _d219307 |
||